[Event "2. Bundesliga Mitte 2011/12"]
[Site "St.Veit/Glan"]
[Date "2012.03.03"]
[Round "8"]
[Board "2"]
[White "Ceschia, Ivano"]
[Black "Singer, Christoph"]
[Result "0-1"]
[WhiteElo "2316"]
[BlackElo "2362"]
[PlyCount "86"]
[EventDate "2011.10.21"]
[EventType "team"]
[EventRounds "11"]
[EventCountry "AUT"]
[WhiteTeam "SV ASVOE Fundermax St. Veit/Glan"]
[BlackTeam "SpG. Spark. Grieskirchen/Schallerb."]

1. e4 e5 2. Nf3 Nc6 3. Bb5 Nf6 4. O-O Nxe4 5. d4 Be7 6. Qe2 Nd6 7. Bxc6 bxc6 8.
dxe5 Nb7 9. Nd4 O-O 10. Rd1 Bc5 11. Nc3 Bxd4 12. Rxd4 d5 13. Qh5 Qd7 14. Be3
Qf5 15. Qxf5 Bxf5 16. Rb4 Rfb8 17. Rc1 c5 18. Rf4 Be6 19. Nb5 Rc8 20. c3 a6 21.
Na3 c4 22. b4 c5 23. Nc2 cxb4 24. cxb4 Nd8 25. Nd4 Bd7 26. Bd2 Nb7 27. Rf3 a5
28. a3 axb4 29. axb4 Ra2 30. Bc3 Rca8 31. Re3 Nd8 32. Ree1 Ne6 33. Ra1 R2a3 34.
Bb2 Ra2 35. Bc3 Nxd4 36. Bxd4 h6 37. h3 R8a3 38. Rxa2 Rxa2 39. Rb1 Bb5 40. Kh2
Rd2 41. Be3 Rd3 42. Bc5 d4 43. Re1 c3 0-1

[Event "2. Bundesliga Mitte 2011/12"]
[Site "St.Veit/Glan"]
[Date "2012.03.03"]
[Round "8"]
[Board "3"]
[White "Schwabeneder, Florian"]
[Black "Salihovic, Amar"]
[Result "1/2-1/2"]
[WhiteElo "2252"]
[BlackElo "2195"]
[PlyCount "89"]
[EventDate "2011.10.21"]
[EventType "team"]
[EventRounds "11"]
[EventCountry "AUT"]
[WhiteTeam "SpG. Spark. Grieskirchen/Schallerb."]
[BlackTeam "SV ASVOE Fundermax St. Veit/Glan"]

1. e4 e6 2. d4 d5 3. Nc3 Nf6 4. Bg5 dxe4 5. Nxe4 Be7 6. Bxf6 gxf6 7. Nf3 a6 8.
a4 b6 9. Bc4 Bb7 10. Qe2 O-O 11. Rd1 Bd5 12. Bd3 Qe8 13. O-O f5 14. Ng3 Nc6 15.
c3 Kh8 16. Ne5 f6 17. Nxc6 Qxc6 18. f3 Bb3 19. Rde1 Bd6 20. Bc2 Bc4 21. Bd3 Bb3
22. Bc2 Bc4 23. Bd3 Bb3 24. a5 Rg8 25. Qf2 b5 26. Nh5 Rg6 27. Qd2 Rag8 28. g3
Qd7 29. Nf4 Rg5 30. Ng2 Qg7 31. f4 Rg4 32. Be2 Rg6 33. Bh5 Rh6 34. Bf3 Rh3 35.
Bd1 Bxd1 36. Rxd1 Qh6 37. Ne1 Qg7 38. Qg2 Qg4 39. Nd3 Rh6 40. Rde1 Rhg6 41. Rf3
Re8 42. Rfe3 Reg8 43. Rf3 Re8 44. Rfe3 Reg8 45. Rf3 1/2-1/2

[Event "2. Bundesliga Mitte 2011/12"]
[Site "St.Veit/Glan"]
[Date "2012.03.03"]
[Round "8"]
[Board "4"]
[White "Dietmayer-Kraeutler, Marco"]
[Black "Humer, Wolfgang"]
[Result "0-1"]
[WhiteElo "2222"]
[BlackElo "2244"]
[PlyCount "114"]
[EventDate "2011.10.21"]
[EventType "team"]
[EventRounds "11"]
[EventCountry "AUT"]
[WhiteTeam "SV ASVOE Fundermax St. Veit/Glan"]
[BlackTeam "SpG. Spark. Grieskirchen/Schallerb."]

1. d4 d6 2. Nf3 Bg4 3. h3 Bxf3 4. exf3 Nd7 5. f4 e6 6. Be2 d5 7. O-O Bd6 8. b3
Qf6 9. g3 Ne7 10. Ba3 Nf5 11. c3 O-O-O 12. Bxd6 cxd6 13. Nd2 g5 14. fxg5 Qxg5
15. Nf3 Qg7 16. Bd3 Nxg3 17. fxg3 Qxg3+ 18. Kh1 Qxh3+ 19. Nh2 Rdg8 20. Qe2 Rg3
21. Rf3 Rhg8 22. Raf1 f5 23. Rxg3 Rxg3 24. Rf3 f4 25. Qf1 Qh6 26. Qf2 Qg5 27.
Be2 e5 28. dxe5 dxe5 29. Bb5 Rxf3 30. Nxf3 Qh5+ 31. Nh2 b6 32. Qg2 Qd1+ 33. Nf1
Nf6 34. Be2 Qe1 35. Ba6+ Kd8 36. Qg5 Qe4+ 37. Kh2 Qg6 38. Qh4 Ke8 39. a4 Kf7
40. Kh1 h6 41. Qh3 e4 42. Bc8 Qg5 43. Qe6+ Kg7 44. Qe7+ Kg6 45. Be6 Kh5 46.
Bxd5 f3 47. Ne3 Qxe3 48. Bf7+ Kh4 49. Qxf6+ Kg3 50. Qd6+ Qf4 51. Qxf4+ Kxf4 52.
Kg1 e3 53. Bh5 Kg3 54. Kf1 e2+ 55. Ke1 Kg2 56. Bxf3+ Kxf3 57. b4 h5 0-1

[Event "2. Bundesliga Mitte 2011/12"]
[Site "St.Veit/Glan"]
[Date "2012.03.03"]
[Round "8"]
[Board "5"]
[White "Obermayr, Hermann"]
[Black "Sandner, Wolfgang"]
[Result "1/2-1/2"]
[WhiteElo "2195"]
[BlackElo "2238"]
[PlyCount "54"]
[EventDate "2011.10.21"]
[EventType "team"]
[EventRounds "11"]
[EventCountry "AUT"]
[WhiteTeam "SpG. Spark. Grieskirchen/Schallerb."]
[BlackTeam "SV ASVOE Fundermax St. Veit/Glan"]

1. d4 Nf6 2. c4 g6 3. Nc3 Bg7 4. Nf3 d6 5. Bg5 Na6 6. e3 c5 7. Be2 O-O 8. a3 b6
9. O-O Bb7 10. Qc2 Nc7 11. b4 cxd4 12. exd4 Ne6 13. Be3 Ng4 14. d5 Nxe3 15.
fxe3 Nc7 16. Rad1 Rc8 17. Nd4 Qe8 18. Bf3 e6 19. Qd3 exd5 20. Nxd5 Nxd5 21.
Bxd5 Bxd5 22. cxd5 Bxd4 23. exd4 Qd7 24. Rf6 Kg7 25. Rff1 Kg8 26. Rf6 Kg7 27.
Rff1 Kg8 1/2-1/2

[Event "2. Bundesliga Mitte 2011/12"]
[Site "St.Veit/Glan"]
[Date "2012.03.03"]
[Round "8"]
[Board "6"]
[White "Kuess, Mario"]
[Black "Schwabeneder, Alois"]
[Result "1-0"]
[WhiteElo "2106"]
[BlackElo "2066"]
[PlyCount "59"]
[EventDate "2011.10.21"]
[EventType "team"]
[EventRounds "11"]
[EventCountry "AUT"]
[WhiteTeam "SV ASVOE Fundermax St. Veit/Glan"]
[BlackTeam "SpG. Spark. Grieskirchen/Schallerb."]

1. f4 Nf6 2. Nf3 d5 3. e3 Bg4 4. Be2 Nbd7 5. Ne5 Bxe2 6. Qxe2 c6 7. Nxd7 Qxd7
8. d3 O-O-O 9. b3 e6 10. Bb2 Qc7 11. Nd2 Qa5 12. a3 Bd6 13. b4 Qc7 14. c4 Rhe8
15. c5 Bf8 16. Be5 Qd7 17. O-O Ng8 18. Rac1 f6 19. Bb2 e5 20. fxe5 fxe5 21. Nf3
Qg4 22. Qc2 d4 23. exd4 exd4 24. Rce1 Rxe1 25. Rxe1 Nf6 26. Qc4 Nd5 27. Bc1 Nc7
28. Bg5 Rd7 29. Re4 Qf5 30. Rf4 1-0

[Event "2. Bundesliga Mitte 2011/12"]
[Site "St.Veit/Glan"]
[Date "2012.03.03"]
[Round "8"]
[Board "1"]
[White "Babula, Vlastimil"]
[Black "Pilaj, Herwig"]
[Result "1-0"]
[WhiteElo "2572"]
[BlackElo "2362"]
[PlyCount "105"]
[EventDate "2011.10.21"]
[EventType "team"]
[EventRounds "11"]
[EventCountry "AUT"]
[WhiteTeam "Union Ansfelden"]
[BlackTeam "SC Die Klagenfurter"]

1. d4 d5 2. c4 c6 3. Nf3 Nf6 4. Nc3 dxc4 5. a4 Bf5 6. Nh4 e6 7. Nxf5 exf5 8. e3
Bb4 9. Bxc4 O-O 10. Qc2 g6 11. O-O Nbd7 12. f3 Qb6 13. Kh1 Rae8 14. Bd2 a5 15.
Rad1 Re7 16. Bc1 Rfe8 17. Qf2 Bxc3 18. bxc3 Nd5 19. Rde1 N7f6 20. Bd2 Qc7 21.
Bb3 b5 22. g4 f4 23. e4 Nb6 24. Qh4 Kg7 25. axb5 cxb5 26. Qg5 a4 27. Bd1 Nc4
28. Bxf4 Qc6 29. Qh4 Nd7 30. Qf2 f6 31. g5 fxg5 32. Bxg5 Rf7 33. Kg1 Nf6 34. d5
Qd6 35. Qd4 h6 36. Bh4 Kh7 37. Bg3 Qb6 38. Qxb6 Nxb6 39. Be2 Nc4 40. Ra1 Rc8
41. Rfb1 Nd2 42. Rxb5 Rxc3 43. e5 Re3 44. Bd1 Nh5 45. e6 Rg7 46. Kf2 Nc4 47.
Rxa4 Rc3 48. Be2 Nxg3 49. hxg3 Nd6 50. Rb6 Nc8 51. Rba6 Rb7 52. d6 Rc2 53. d7
1-0

[Event "2. Bundesliga Mitte 2011/12"]
[Site "St.Veit/Glan"]
[Date "2012.03.03"]
[Round "8"]
[Board "2"]
[White "Wertjanz, David"]
[Black "Weiss, Christian"]
[Result "0-1"]
[WhiteElo "2257"]
[BlackElo "2402"]
[PlyCount "106"]
[EventDate "2011.10.21"]
[EventType "team"]
[EventRounds "11"]
[EventCountry "AUT"]
[WhiteTeam "SC Die Klagenfurter"]
[BlackTeam "Union Ansfelden"]

1. e4 c5 2. Nf3 e6 3. d4 cxd4 4. Nxd4 a6 5. Bd3 Nf6 6. O-O Qc7 7. Qe2 d6 8. c4
g6 9. Rd1 Bg7 10. h3 O-O 11. Nf3 Nc6 12. Nc3 Nd7 13. Bf4 Nde5 14. Rac1 b6 15.
Bb1 Nxf3+ 16. Qxf3 Ne5 17. Qg3 Bb7 18. b3 Rab8 19. Bd3 f5 20. exf5 gxf5 21. Bf1
Kh8 22. Qe3 Rfe8 23. Qd2 Rbd8 24. Be3 Rg8 25. Kh1 Qc6 26. f4 Ng6 27. Qf2 Rd7
28. Nd5 Rf7 29. Nb4 Qc7 30. Bxb6 Qb8 31. Be3 Bf6 32. Bd4 e5 33. fxe5 dxe5 34.
Bb2 f4 35. Nd5 Bg7 36. Bd3 f3 37. Bxg6 fxg2+ 38. Qxg2 hxg6 39. Qxg6 Rgf8 40.
Ba3 Rf6 41. Qg3 R8f7 42. Rg1 Rh6 43. Kh2 Bc8 44. h4 Qa7 45. c5 Qd7 46. Nb6 Rf2+
47. Rg2 Rxg2+ 48. Kxg2 Bb7+ 49. Kh2 Qd2+ 50. Kh3 Be4 51. Rf1 Rg6 52. Qf2 Qd3+
53. Kh2 Rf6 0-1

[Event "2. Bundesliga Mitte 2011/12"]
[Site "St.Veit/Glan"]
[Date "2012.03.03"]
[Round "8"]
[Board "3"]
[White "Felsberger, Alfred"]
[Black "Genser, Harald"]
[Result "1/2-1/2"]
[WhiteElo "2361"]
[BlackElo "2291"]
[PlyCount "69"]
[EventDate "2011.10.21"]
[EventType "team"]
[EventRounds "11"]
[EventCountry "AUT"]
[WhiteTeam "Union Ansfelden"]
[BlackTeam "SC Die Klagenfurter"]

1. e4 c6 2. d4 d5 3. e5 Bf5 4. Be2 e6 5. Nf3 c5 6. Be3 cxd4 7. Nxd4 Ne7 8. c4
Nbc6 9. O-O Nxd4 10. Bxd4 dxc4 11. Bxc4 a6 12. Bc3 Qxd1 13. Rxd1 Nc6 14. Be2
Be4 15. Nd2 Bd5 16. Nc4 Bc5 17. a3 b5 18. Na5 Ne7 19. Bd4 Bxd4 20. Rxd4 O-O 21.
f4 Rfc8 22. Rd2 g6 23. Kf2 Rc7 24. g4 Rac8 25. Rad1 Rb8 26. Rd4 Rc2 27. R1d2
Rc7 28. h4 h6 29. Bd3 Rc5 30. Ke3 Ba8 31. Kf2 Bd5 32. Ke3 Ba8 33. Kf2 Bd5 34.
Rc2 Rbc8 35. Rxc5 1/2-1/2

[Event "2. Bundesliga Mitte 2011/12"]
[Site "St.Veit/Glan"]
[Date "2012.03.03"]
[Round "8"]
[Board "4"]
[White "Petschar, Kurt"]
[Black "Moser, Guenter"]
[Result "1-0"]
[WhiteElo "2312"]
[BlackElo "2343"]
[PlyCount "95"]
[EventDate "2011.10.21"]
[EventType "team"]
[EventRounds "11"]
[EventCountry "AUT"]
[WhiteTeam "SC Die Klagenfurter"]
[BlackTeam "Union Ansfelden"]

1. e4 c6 2. c4 e5 3. Nf3 Qa5 4. Nc3 Nf6 5. Be2 Bb4 6. O-O O-O 7. Qc2 Re8 8. a3
Bf8 9. d4 d6 10. h3 Nbd7 11. Be3 Qc7 12. d5 a6 13. b4 g6 14. Nd2 Bg7 15. Rfc1
h6 16. a4 Bf8 17. a5 Kh7 18. Qa4 c5 19. Nb3 cxb4 20. Qxb4 Nc5 21. Nxc5 dxc5 22.
Qb2 Rb8 23. Rcb1 Bd6 24. Qd2 Ng8 25. Bd3 Kg7 26. Rb6 Bd7 27. Rab1 f6 28. Qb2
Bc8 29. Na4 Bd7 30. Nc3 Bc8 31. Qa3 f5 32. Rxd6 Qxd6 33. Bxc5 Qd8 34. Bd6 Ra8
35. f4 fxe4 36. Nxe4 exf4 37. Bxf4 Kh7 38. Rb6 Qh4 39. Qc1 Bf5 40. Rxb7+ Re7
41. Bg3 Qxe4 42. Bxe4 Rxb7 43. Bxf5 gxf5 44. Qc2 Kg6 45. c5 Nf6 46. c6 Rf7 47.
d6 Ne4 48. Be5 1-0

[Event "2. Bundesliga Mitte 2011/12"]
[Site "St.Veit/Glan"]
[Date "2012.03.03"]
[Round "8"]
[Board "5"]
[White "Ennsberger, Ulrich"]
[Black "Titz, Heimo"]
[Result "1-0"]
[WhiteElo "2373"]
[BlackElo "2202"]
[PlyCount "69"]
[EventDate "2011.10.21"]
[EventType "team"]
[EventRounds "11"]
[EventCountry "AUT"]
[WhiteTeam "Union Ansfelden"]
[BlackTeam "SC Die Klagenfurter"]

1. e4 {[%emt 0:00:00]} c5 2. Nf3 e6 3. d3 Nc6 4. g3 Nf6 5. Bg2 d5 6. Nbd2 Be7
7. O-O O-O 8. Re1 dxe4 9. dxe4 b6 10. c3 Bb7 11. Qa4 e5 12. Nc4 Qc7 13. Bg5 a6
14. Bxf6 Bxf6 15. Ne3 Ne7 16. Ng4 Bc8 17. Nxf6+ gxf6 18. Nh4 b5 19. Qd1 Ra7 20.
Qf3 Qb6 21. Rad1 Rd7 22. Rxd7 Bxd7 23. Rd1 Qc6 24. Rd2 Rc8 25. Qd1 Be6 26. Nf5
Bxf5 27. exf5 Qe8 28. Be4 h6 29. Rd6 Kf8 30. Rxf6 Ng8 31. Rxa6 Qe7 32. Qd6 Qxd6
33. Rxd6 Ke7 34. Rb6 Nf6 35. f3 1-0

[Event "2. Bundesliga Mitte 2011/12"]
[Site "St.Veit/Glan"]
[Date "2012.03.03"]
[Round "8"]
[Board "6"]
[White "Singer, Hans"]
[Black "Knoll, Hermann"]
[Result "1/2-1/2"]
[WhiteElo "2260"]
[BlackElo "2364"]
[PlyCount "69"]
[EventDate "2011.10.21"]
[EventType "team"]
[EventRounds "11"]
[EventCountry "AUT"]
[WhiteTeam "SC Die Klagenfurter"]
[BlackTeam "Union Ansfelden"]

1. c4 e5 2. Nc3 Nf6 3. Nf3 Nc6 4. g3 Nd4 5. e3 Nxf3+ 6. Qxf3 Bc5 7. Bg2 O-O 8.
O-O c6 9. Qd1 d6 10. d4 Bb6 11. dxe5 dxe5 12. b3 Qe7 13. Bb2 Bg4 14. Qc2 Rfe8
15. h3 Bh5 16. Ne4 Rad8 17. Bc3 Nd7 18. g4 Bg6 19. Qe2 Nf6 20. Nxf6+ Qxf6 21.
Rad1 Qe7 22. Rxd8 Rxd8 23. Rd1 f6 24. b4 Rxd1+ 25. Qxd1 e4 26. c5 Bc7 27. Qd4
Kf8 28. a3 Be5 29. Qd2 Ke8 30. Bxe5 Qxe5 31. Qd4 Qe6 32. Bf1 Bf7 33. Bg2 Bg6
34. Bf1 Bf7 35. Bg2 1/2-1/2

[Event "2. Bundesliga Mitte 2011/12"]
[Site "St.Veit/Glan"]
[Date "2012.03.03"]
[Round "8"]
[Board "1"]
[White "Grunberg, Mihai-Lucian"]
[Black "Flumbort, Andras"]
[Result "1-0"]
[WhiteElo "2420"]
[BlackElo "2539"]
[PlyCount "86"]
[EventDate "2011.10.21"]
[EventType "team"]
[EventRounds "11"]
[EventCountry "AUT"]
[WhiteTeam "Strassenbahn Graz"]
[BlackTeam "ASK St. Valentin"]

1. Nf3 Nf6 2. c4 g6 3. Nc3 Bg7 4. e4 d6 5. d4 O-O 6. h3 e5 7. d5 Nh5 8. Nh2 Qe8
9. Be2 Nf4 10. Bf3 f5 11. O-O Na6 12. Re1 Qf7 13. exf5 Bxf5 14. Ne4 Bxe4 15.
Bxe4 Nc5 16. Kh1 a5 17. Qc2 b5 18. cxb5 Nxd5 19. Ng4 Nb4 20. Qd1 d5 21. Bb1 e4
22. Nh6+ Bxh6 23. Bxh6 Nbd3 24. Rf1 Qxf2 25. Bxd3 Nxd3 26. Bxf8 Rxf8 27. Qb3
Qxf1+ 28. Rxf1 Rxf1+ 29. Kh2 Rf5 30. Qc3 Rf7 31. Qd4 Rf5 32. Qa7 Rf7 33. Qa8+
Kg7 34. Qa7 Re7 35. Qd4+ Kf7 36. Qe3 Ke8 37. Kg1 Re6 38. a3 a4 39. h4 Nxb2 40.
Kf1 Nd3 41. Qd4 Ke7 42. Qxa4 Kd7 43. Qd4 Kd6 1-0

[Event "2. Bundesliga Mitte 2011/12"]
[Site "St.Veit/Glan"]
[Date "2012.03.03"]
[Round "8"]
[Board "2"]
[White "Sandhoefner, Florian"]
[Black "Supancic, Darko"]
[Result "0-1"]
[WhiteElo "2201"]
[BlackElo "2368"]
[PlyCount "104"]
[EventDate "2011.10.21"]
[EventType "team"]
[EventRounds "11"]
[EventCountry "AUT"]
[WhiteTeam "ASK St. Valentin"]
[BlackTeam "Strassenbahn Graz"]

1. e4 Nc6 2. Nf3 d6 3. d4 Nf6 4. Nc3 Bg4 5. Be2 e5 6. Be3 Bxf3 7. Bxf3 exd4 8.
Bxd4 Nxd4 9. Qxd4 c6 10. O-O-O Qb6 11. Qxb6 axb6 12. Rhe1 O-O-O 13. h3 g6 14.
e5 dxe5 15. Rxe5 Rxd1+ 16. Kxd1 Bc5 17. Re2 Bd4 18. Kc1 Bxc3 19. bxc3 Kd7 20.
Kb2 Ra8 21. Rd2+ Ke7 22. Re2+ Kf8 23. Rd2 Ke8 24. Re2+ Kd8 25. Rd2+ Kc7 26. Re2
Re8 27. Rxe8 Nxe8 28. Kb3 Nd6 29. Kb4 f5 30. c4 Nf7 31. c5 bxc5+ 32. Kxc5 Ng5
33. a4 Ne6+ 34. Kb4 b6 35. c3 Kd6 36. Be2 Nc5 37. Bc4 Ne4 38. Bg8 Nf6 39. Bc4
h6 40. h4 g5 41. hxg5 hxg5 42. Bd3 Ke5 43. c4 Nd7 44. g3 Nc5 45. Bc2 Ne6 46. a5
bxa5+ 47. Kxa5 f4 48. gxf4+ gxf4 49. f3 Kd4 50. Kb6 c5 51. Kb5 Ng5 52. Bd1 Nf7
0-1

[Event "2. Bundesliga Mitte 2011/12"]
[Site "St.Veit/Glan"]
[Date "2012.03.03"]
[Round "8"]
[Board "3"]
[White "Krebs, Johann"]
[Black "Kranzl, Peter"]
[Result "1/2-1/2"]
[WhiteElo "2284"]
[BlackElo "2253"]
[PlyCount "87"]
[EventDate "2011.10.21"]
[EventType "team"]
[EventRounds "11"]
[EventCountry "AUT"]
[WhiteTeam "Strassenbahn Graz"]
[BlackTeam "ASK St. Valentin"]

1. d4 Nf6 2. c4 c5 3. d5 b5 4. cxb5 a6 5. bxa6 g6 6. Nc3 Bxa6 7. g3 d6 8. Bg2
Bg7 9. Nf3 O-O 10. O-O Qb6 11. Rb1 Nbd7 12. h3 Rfb8 13. Qc2 Ne8 14. Re1 Nc7 15.
Bd2 Bc4 16. Qe4 Bxa2 17. Nxa2 Rxa2 18. b4 Nf6 19. Qd3 cxb4 20. Rxb4 Qa7 21.
Rxb8+ Qxb8 22. Rb1 Rb2 23. Rxb2 Qxb2 24. Qc4 Nfe8 25. e4 h6 26. Bf1 e6 27. dxe6
fxe6 28. Qc6 Qf6 29. Kg2 Qe7 30. Bb4 Qd8 31. Nh4 g5 32. Nf3 Qa8 33. Qxa8 Nxa8
34. Ba5 Kf7 35. Bc4 Nac7 36. Ne1 d5 37. exd5 Nxd5 38. Nd3 Nd6 39. Bb3 Nf5 40.
Nc5 Bf8 41. Nd3 Bg7 42. Bd2 Nd4 43. Bd1 Ke7 44. Nc5 1/2-1/2

[Event "2. Bundesliga Mitte 2011/12"]
[Site "St.Veit/Glan"]
[Date "2012.03.03"]
[Round "8"]
[Board "4"]
[White "Tober, Gerhard"]
[Black "Pesorda, Ivan"]
[Result "1/2-1/2"]
[WhiteElo "2272"]
[BlackElo "2278"]
[PlyCount "37"]
[EventDate "2011.10.21"]
[EventType "team"]
[EventRounds "11"]
[EventCountry "AUT"]
[WhiteTeam "ASK St. Valentin"]
[BlackTeam "Strassenbahn Graz"]

1. e4 c5 2. Nf3 Nc6 3. c3 Nf6 4. e5 Nd5 5. d4 cxd4 6. cxd4 d6 7. Bc4 Nb6 8. Bb5
dxe5 9. Nxe5 Bd7 10. Nxd7 Qxd7 11. Nc3 e6 12. O-O Be7 13. Qg4 O-O 14. Rd1 Rfd8
15. Bh6 Bf8 16. Bg5 Be7 17. Bh6 Bf8 18. Bg5 Be7 19. Bh6 1/2-1/2

[Event "2. Bundesliga Mitte 2011/12"]
[Site "St.Veit/Glan"]
[Date "2012.03.03"]
[Round "8"]
[Board "5"]
[White "Steiner, Stefan"]
[Black "Heimberger, Reinhard"]
[Result "0-1"]
[WhiteElo "2272"]
[BlackElo "2313"]
[PlyCount "94"]
[EventDate "2011.10.21"]
[EventType "team"]
[EventRounds "11"]
[EventCountry "AUT"]
[WhiteTeam "Strassenbahn Graz"]
[BlackTeam "ASK St. Valentin"]

1. Nf3 c5 2. c4 Nc6 3. g3 g6 4. Bg2 Bg7 5. Nc3 d6 6. O-O e5 7. a3 a5 8. Ne1 Be6
9. d3 Nge7 10. Nd5 O-O 11. Rb1 Rb8 12. Nxe7+ Qxe7 13. Nc2 Qd7 14. b4 b5 15.
bxc5 bxc4 16. Rxb8 Rxb8 17. dxc4 dxc5 18. Ne3 Qxd1 19. Rxd1 Nd4 20. Bd2 a4 21.
Kf1 Rb3 22. Bc1 f5 23. Bd5 Kf7 24. Ke1 Bh6 25. Bxe6+ Kxe6 26. Rd3 Nf3+ 27. Kd1
Rxd3+ 28. exd3 Nxh2 29. Nd5 Bxc1 30. Kxc1 Ng4 31. Kd2 Nxf2 32. Ke2 Ng4 33. Nc3
Kd6 34. Nxa4 Nf6 35. Nc3 g5 36. a4 Kc6 37. a5 h5 38. Kf3 g4+ 39. Kf2 f4 40.
gxf4 exf4 41. Ne2 f3 42. Nc3 Nd7 43. Ne4 h4 44. Ke3 Ne5 45. a6 g3 46. a7 Kb7
47. Nxc5+ Kxa7 0-1

[Event "2. Bundesliga Mitte 2011/12"]
[Site "St.Veit/Glan"]
[Date "2012.03.03"]
[Round "8"]
[Board "6"]
[White "Trauner, Rudolf"]
[Black "Schink, Barbara"]
[Result "1/2-1/2"]
[WhiteElo "2195"]
[BlackElo "2069"]
[PlyCount "69"]
[EventDate "2011.10.21"]
[EventType "team"]
[EventRounds "11"]
[EventCountry "AUT"]
[WhiteTeam "ASK St. Valentin"]
[BlackTeam "Strassenbahn Graz"]

1. d4 d5 2. Nf3 Nf6 3. c4 dxc4 4. Na3 c5 5. Nxc4 Nc6 6. e3 cxd4 7. exd4 e6 8.
a3 Be7 9. Be2 O-O 10. O-O b6 11. b4 a6 12. Bb2 Bb7 13. Nfe5 Nxe5 14. dxe5 Nd5
15. Qd4 a5 16. b5 Rc8 17. Rfd1 Bc5 18. Qg4 Qe7 19. Nd6 Rc7 20. Nxb7 Rxb7 21.
Bc4 Rd7 22. Rd3 Nc7 23. Rxd7 Qxd7 24. Rd1 Qe7 25. Rd3 Rd8 26. Qd1 Rxd3 27. Qxd3
g6 28. g3 Ne8 29. h4 Ng7 30. a4 h5 31. Bc1 Qc7 32. Bb2 Nf5 33. Kg2 Qb7+ 34. Kg1
Qc7 35. Kg2 1/2-1/2

[Event "2. Bundesliga Mitte 2011/12"]
[Site "St.Veit/Glan"]
[Date "2012.03.03"]
[Round "8"]
[Board "1"]
[White "Kovacs, Gabor"]
[Black "Gergacz, Attila"]
[Result "1/2-1/2"]
[WhiteElo "2498"]
[BlackElo "2426"]
[PlyCount "60"]
[EventDate "2011.10.21"]
[EventType "team"]
[EventRounds "11"]
[EventCountry "AUT"]
[WhiteTeam "Union Styria Graz Kleine Zeitung"]
[BlackTeam "SV Steyregg"]

1. d4 b6 2. e4 Bb7 3. Bd3 e6 4. Nf3 c5 5. c3 d5 6. e5 Qd7 7. Qe2 Ne7 8. O-O
Nec6 9. a3 a5 10. b3 Ba6 11. Ra2 a4 12. b4 Bxd3 13. Qxd3 cxb4 14. cxb4 Bxb4 15.
Rb2 Be7 16. Rxb6 Na5 17. Nfd2 O-O 18. Nc3 Rc8 19. Bb2 Nc4 20. Nxc4 Rxc4 21. Rb1
Nc6 22. Bc1 Nxd4 23. Be3 Rxc3 24. Qxd4 Rac8 25. Rb8 R3c4 26. Rxc8+ Rxc8 27. Qb2
h6 28. h3 Qc7 29. Qb5 Bxa3 30. Qxa4 Be7 1/2-1/2

[Event "2. Bundesliga Mitte 2011/12"]
[Site "St.Veit/Glan"]
[Date "2012.03.03"]
[Round "8"]
[Board "3"]
[White "Danner, Georg"]
[Black "Webersberger, Johann"]
[Result "1/2-1/2"]
[WhiteElo "2408"]
[BlackElo "2380"]
[PlyCount "79"]
[EventDate "2011.10.21"]
[EventType "team"]
[EventRounds "11"]
[EventCountry "AUT"]
[WhiteTeam "Union Styria Graz Kleine Zeitung"]
[BlackTeam "SV Steyregg"]

1. d4 Nf6 2. Nf3 g6 3. c4 c5 4. d5 d6 5. Nc3 Bg7 6. e4 O-O 7. Bd3 Bg4 8. h3
Bxf3 9. Qxf3 Nbd7 10. Qd1 e6 11. O-O exd5 12. exd5 Nh5 13. Bd2 f5 14. f4 Bd4+
15. Kh2 Qf6 16. Qf3 Rae8 17. Rae1 Ng7 18. Bc2 Nb6 19. b3 Nd7 20. g3 a6 21. a4
Qd8 22. Kg2 Rxe1 23. Rxe1 Re8 24. Rxe8+ Qxe8 25. g4 Nf8 26. g5 Nd7 27. Qe2 Kf7
28. Qxe8+ Kxe8 29. Ne2 Bb2 30. Ng3 Kf7 31. h4 Nf8 32. Kf3 Ne8 33. h5 Bd4 34. h6
Bb2 35. Ba5 Bd4 36. Ne2 Bb2 37. Bd8 Ba1 38. Ke3 Bb2 39. Kd2 Ba3 40. Ba5 {
and draw at move 58!!} 1/2-1/2

[Event "2. Bundesliga Mitte 2011/12"]
[Site "St.Veit/Glan"]
[Date "2012.03.03"]
[Round "8"]
[Board "4"]
[White "Wiesinger, Robert"]
[Black "Rogulj, Branko"]
[Result "1/2-1/2"]
[WhiteElo "2277"]
[BlackElo "2394"]
[PlyCount "99"]
[EventDate "2011.10.21"]
[EventType "team"]
[EventRounds "11"]
[EventCountry "AUT"]
[WhiteTeam "SV Steyregg"]
[BlackTeam "Union Styria Graz Kleine Zeitung"]

1. e4 Nf6 2. e5 Nd5 3. d4 d6 4. Nf3 Bg4 5. Be2 c6 6. Ng5 {[%emt 0:00:00]} Bf5 {
[%emt 0:00:00]} 7. Bd3 Bxd3 8. Qxd3 h6 9. Nf3 dxe5 10. dxe5 e6 11. O-O Nd7 12.
Qe2 b5 13. b3 b4 14. Bb2 N7b6 15. c4 bxc3 16. Nxc3 Nxc3 17. Bxc3 Nd5 18. Rac1
Qb6 19. Bd4 c5 20. Be3 Be7 21. Rc4 Nxe3 22. Qxe3 O-O 23. Rd1 Rfd8 24. Rcc1 Rd5
25. Qe2 Rad8 26. g3 Qa5 27. Rxd5 Rxd5 28. Rc2 Qd8 29. Kg2 Qd7 30. h3 Bd8 31.
Nd2 Rd3 32. Nc4 Qd5+ 33. Kh2 Rd1 34. f3 Qd4 35. Qg2 Bg5 36. Rf2 Be3 37. Rf1 Rd3
38. Re1 Bg5 39. Re2 Bd8 40. Rf2 Bc7 41. f4 Qd8 42. Rd2 Rd5 43. h4 h5 44. Kh3
Rd4 45. Qf2 g6 46. Kh2 Kg7 47. Kh3 Qd5 48. Kh2 Qd8 49. Kh3 Qd5 50. Kh2 1/2-1/2

[Event "2. Bundesliga Mitte 2011/12"]
[Site "St.Veit/Glan"]
[Date "2012.03.03"]
[Round "8"]
[Board "5"]
[White "Wittmann, Walter"]
[Black "Enoeckl, Philipp"]
[Result "0-1"]
[WhiteElo "2300"]
[BlackElo "2292"]
[PlyCount "66"]
[EventDate "2011.10.21"]
[EventType "team"]
[EventRounds "11"]
[EventCountry "AUT"]
[WhiteTeam "Union Styria Graz Kleine Zeitung"]
[BlackTeam "SV Steyregg"]

1. e4 e6 2. d4 d5 3. Nd2 Nf6 4. e5 Nfd7 5. Bd3 c5 6. c3 Nc6 7. Ne2 cxd4 8. cxd4
f6 9. exf6 Nxf6 10. Nf3 Bd6 11. O-O Qc7 12. g3 O-O 13. Bf4 Ng4 14. Bxd6 Qxd6
15. Nc3 e5 16. dxe5 Qh6 17. h4 Ngxe5 18. Nxe5 Nxe5 19. Be2 Be6 20. Nb5 Rad8 21.
Nd4 Bh3 22. Re1 Qb6 23. Qd2 Nc6 24. Red1 Rde8 25. Nf3 Bg4 26. Re1 Rxe2 27. Rxe2
Bxf3 28. Re6 Be4 29. Re1 Nd4 30. Rxb6 Nf3+ 31. Kg2 Nxd2+ 32. Rxe4 Nxe4 33. Rxb7
Rxf2+ 0-1

[Event "2. Bundesliga Mitte 2011/12"]
[Site "St.Veit/Glan"]
[Date "2012.03.04"]
[Round "9"]
[Board "1"]
[White "Stevic, Hrvoje"]
[Black "Feher, Adam"]
[Result "1/2-1/2"]
[WhiteElo "2621"]
[BlackElo "2342"]
[PlyCount "85"]
[EventDate "2011.10.21"]
[EventType "team"]
[EventRounds "11"]
[EventCountry "AUT"]
[WhiteTeam "ZH-Technologies-Wolfsberg"]
[BlackTeam "SK Sparkasse Fuerstenfeld"]

1. e4 c6 2. d3 d5 3. Nd2 e5 4. Ngf3 Bd6 5. g3 Nf6 6. Bg2 O-O 7. O-O Re8 8. Re1
Qc7 9. c3 a5 10. d4 Nxe4 11. Nxe4 dxe4 12. dxe5 exf3 13. exd6 Rxe1+ 14. Qxe1
Qxd6 15. Bf4 Qf8 16. Bxf3 Be6 17. a4 Nd7 18. Qe3 Qc5 19. Be2 Qxe3 20. Bxe3 Ne5
21. Bf4 Nd7 22. c4 h6 23. Bd6 Nf6 24. Rd1 Rd8 25. b3 Bf5 26. Bc7 Rc8 27. Bxa5
Bc2 28. Rd2 Bxb3 29. Rb2 Bxa4 30. Rxb7 c5 31. f3 Nd7 32. Kf2 Bc6 33. Rb2 Nf8
34. Rd2 Ne6 35. f4 Nd4 36. Bd1 Bd7 37. Bb6 Be6 38. Bxc5 Rxc5 39. Rxd4 Rxc4 40.
Rd8+ Kh7 41. Be2 Rc2 42. Ke3 g6 43. h4 1/2-1/2